Datum a čas kvízu
37
Celkem bodů
Celkový počet nahraných bodů na tomto kvízu bez doplňovacích otázek.
5.
Pořadí na kvízu
Konečné umístění týmu na tomto kvízu.
Zaznamenané odpovědi
| # | Otázka | Odpověď | Body | Výsledky |
|---|---|---|---|---|
| 1. | Jak se jmenuje funkcionář, jem... | Josef Středula | 1 | |
| 2. | Švédské království ve čtvrtek... | 32. členem | 1 | |
| 3. | V sobotu večer se v pražském R... | Simona Peková, Přišla v noci | 0.5 | |
| 4. | Od středy minulého týdne je za... | HHC | 1 | |
| 5. | V pondělí byl představen ofici... | Invalidovna | 0 | |
| 6. | Začneme prvním českým králem p... | Přemysl Otakar II., 1278 | 0 | |
| 7. | Další „slavnou“ prohrou, která... | stoletá válka | 0 | |
| 8. | Za naši slavnou prohru lze ozn... | D | 1 | |
| 9. | Bitva na Bílé hoře v roce 1620... | D) 2 hodiny | 1 | |
| 10. | Napište jména dvou mužů, kteří... | Neville Chamberlain, Édouard Daladier | 0.5 |